| 000 | 00499nam a22001697a 4500 | ||
|---|---|---|---|
| 999 |
_c8530 _d8530 |
||
| 008 | 201201b ||||| |||| 00| 0 eng d | ||
| 040 | _aBMS College of Architecture | ||
| 100 | _aThomas, Joe | ||
| 245 | _aLeisure centre Kochi | ||
| 300 | _a52p. | ||
| 500 | _a1BM13AT025 | ||
| 502 |
_8B,Arch _NBMS College of Architecture, Visvesvaraya Technological University (VTU) _aProject report _d2017 |
||
| 650 | _aNA | ||
| 700 |
_aDakshayini R Patil _eGuide |
||
| 700 | _aJoseph Alwin B | ||
| 942 |
_2ddc _cTHE |
||